Applying UML and patterns <an> introduction to object-oriented analysis and design and iterative development

Saved in:
Bibliographic Details
Main Author: Larman, Craig
Format: Book
Language:English
Published: Upper Saddle River Prentice Hall PTR 2005
Edition:3rd ed.
Subjects:
Tags: Add Tag
No Tags, Be the first to tag this record!

MARC

LEADER 00000nam a2200000 4500
001 0143663
005 20221129082405.1
020 |a 0-13-148906-2 
041 0 |a eng 
044 |a US 
245 1 0 |a Applying UML and patterns  |b <an> introduction to object-oriented analysis and design and iterative development  |c Craig Larman 
250 |a 3rd ed. 
264 1 |a Upper Saddle River  |b Prentice Hall PTR  |c 2005 
300 |a xxv, 703 s. 
610 2 0 |a počítače 
610 2 0 |a softvér 
610 2 0 |a analýza systémová 
610 2 0 |a dizajn 
100 1 |a Larman, Craig